000 00324nam a22001337a 4500
008 170815b xxu||||| |||| 00| 0 eng d
020 _a9781931914055
041 _aeng
080 _a51
100 _a36
101 _aMAT
245 _aDEVELOPING MATHEMATICS THROUGH APPLICATIONS : ELEMENTARY
_cCRISLER,N
942 _2udc
_cBK
999 _c23597
_d23597